Ligue 1: 100+ Goal Contributions (2000-) - Statistics

General Stats
  • This quiz has been taken 20 times
  • The average score is 8 of 30
Answer Stats
Ranking Player Positions Nationality Matches Goals (assists) Periods Clubs % Correct
6 Edinson Cavani MF, FW 200 138 (24) 2013-2020
100%
1 Kylian Mbappé MF, FW 246 191 (64) 2015-2024
92%
9 Zlatan Ibrahimović FW 122 113 (37) 2012-2016
77%
2 Dimitri Payet MF, FW 492 103 (115) 2005-2014, 2016-2023
69%
13 Neymar MF, FW 112 82 (48) 2017-2023
69%
4 Alexandre Lacazette FW 297 161 (30) 2009-2016, 2022-2025
62%
7 Pauleta FW 264 141 (21) 2000-2008
62%
14 Ángel Di María MF, FW 197 56 (72) 2015-2022
46%
3 Wissam Ben Yedder MF, FW 320 161 (42) 2010-2015, 2019-2024
46%
20 Djibril Cissé FW 206 96 (19) 2000-2003, 2006-2008, 2013-2015
31%
5 Jimmy Briand MF, FW 483 102 (61) 2002-2013, 2015-2022
31%
30 Jonathan David FW 178 87 (15) 2020-2025
31%
8 Bafétimbi Gomis FW 340 121 (29) 2004-2013, 2016-2017
23%
11 Florian Thauvin MF, FW 259 86 (44) 2012-2021
15%
10 Juninho Pernambucano MF 248 74 (62) 2001-2009
15%
12 Mamadou Niang FW 258 101 (29) 2000-2011
15%
17 André-Pierre Gignac MF, FW 290 103 (21) 2006-2015
8%
16 Kévin Gameiro FW 305 101 (24) 2005-2006, 2007-2012, 2021-2024
8%
27 Rémy Cabella MF, FW 330 60 (46) 2010-2013, 2015-2018, 2021-2025
8%
19 Andy Delort FW 268 85 (32) 2011-2012, 2015-2022, 2024-2025
0%
29 Benjamin Bourigeaud MF, FW 261 54 (48) 2014-2015, 2017-2025
0%
15 Gaëtan Laborde MF, FW 297 88 (39) 2015-2025
0%
28 Marama Vahirua MF, FW 307 70 (35) 2000-2011
0%
26 Memphis MF, FW 139 63 (43) 2016-2021
0%
22 Mevlüt Erdinç FW 295 92 (19) 2005-2017
0%
18 Olivier Monterrubio MF 275 60 (62) 2000-2007, 2009-2011
0%
21 Pierre-Alain Frau MF, FW 317 83 (32) 2001-2011, 2013-2014
0%
25 Romain Hamouma MF, FW 347 63 (46) 2010-2023
0%
23 Ryad Boudebouz MF, FW 369 49 (61) 2008-2016, 2019-2022
0%
24 Wahbi Khazri MF, FW 319 75 (35) 2012-2015, 2017-2025
0%
No matching quizzes found
Score Distribution
Percent of People with Each Score
Percentile by Number Answered
Your Score History
You have not taken this quiz